| 000 | 00405nam a22001577a 4500 | ||
|---|---|---|---|
| 005 | 20170608111659.0 | ||
| 008 | 170608b xxu||||| |||| 00| 0 eng d | ||
| 020 | _a9839541048 | ||
| 040 | _cPK-LaUMT | ||
| 082 |
_aZIAC 297 _bASA-I |
||
| 100 | _aAsad , Muhammad | ||
| 245 |
_aIslam at the crossroads/ _cMuhammad Asad |
||
| 260 |
_aKuala Lumpur: _bThe other press, _c1982 |
||
| 300 | _a105 p. | ||
| 942 | _cBK | ||
| 999 |
_c94509 _d94509 |
||